[Event "N4- Castel/Ramonville"]
[Site "?"]
[Date "2009.03.19"]
[Round "-"]
[White "Ramahef, Eric"]
[Black "Kousnetsoff"]
[Result "1-0"]
[WhiteElo "2110"]
[BlackElo "2040"]
[EventDate "2009.03.15"]
[SourceDate "2009.03.15"]

1.e4 c5 2.Nf3 d6 3.d4 cxd4 4.Nxd4 Nf6 5.Nc3 a6 6.Be2 Qc7 7.Be3 e6 8.Qd2 
Nbd7 9.f4 Be7 10.Bf3 Nb6 11.b3 O-O 12.O-O Re8 13.Nce2 d5 
    ( 13...e5 14.Nf5 Bxf5 15.exf5 e4 )
14.e5 Nfd7 15.a4 Nf8 16.Ng3 Nbd7 17.Rac1 Ba3 18.Rb1 Bc5 19.Kh1 f6 20.exf6 
Nxf6 21.c3 Bd7 22.a5 Rad8 23.b4 Bd6 24.Nde2 Bc6 25.Bb6 Qb8 26.Bxd8 Qxd8 
27.Nd4 Bd7 28.Rbe1 Qc7 29.Nh5 Qd8 30.Nxf6+ Qxf6 31.g3 Qh6 32.Bg2 Kh8 33.
Nf3 Qh5 34.Ng5 Re7 35.Bf3 Qg6 36.Qd1 h6 37.Bh5 Qf6 38.Ne4 dxe4 39.Qxd6 Bb5
40.Be2 Bc6 41.Kg1 Rd7 42.Qc5 Ng6 43.Rd1 Rd5 44.Qe3 Ne7 45.c4 Nf5 46.Qb6 
Rd4 47.g4 Rxd1 48.Rxd1 Qb2 49.Qd8+ Kh7 50.Qd2 Qxd2 51.Rxd2 Nh4 52.b5 axb5 
53.cxb5 Bxb5 54.Kf2 Bc6 55.Kg3 Ng6 56.Rd6 Bd5 57.f5 Nf8 58.Kf4 1-0

[Event "OPEN A"]
[Site "Condom"]
[Date "2009.07.13"]
[Round "3.42"]
[White "Riviere, Frederic"]
[Black "Prieur, Axel"]
[Result "0-1"]
[WhiteElo "1860"]
[BlackElo "1698"]
[EventDate "2009.??.??"]
[PlyCount "84"]

1.e4 e5 2.Nf3 Nf6 3.Bc4 Nxe4 4.Qe2 d5 5.Bb3 Bg4 6.d3 Bxf3 7.gxf3 Nf6 8.
Qxe5+ Qe7 9.Bf4 c6 10.Nc3 Nbd7 11.Qxe7+ Bxe7 12.a3 Nc5 13.Ba2 Ne6 14.Be5 
Nd7 15.Bg3 f5 16.Ne2 g5 17.h4 f4 18.Bh2 gxh4 19.Bxf4 Rf8 20.Be3 Rxf3 21.
O-O-O O-O-O 22.Rde1 Rdf8 23.Rh2 Ne5 24.Bxa7 Ng4 25.Ng1 Nxh2 26.Rxe6 Bg5+ 
27.Kd1 R3f6 28.Re5 h6 29.Bc5 R8f7 30.c4 Nf3 31.Nxf3 Rxf3 32.Ke2 R3f5 33.
Re6 h3 34.cxd5 cxd5 35.Kd1 h2 36.Re1 Rc7 37.b4 b6 38.Be3 Bxe3 39.fxe3 Rcf7
40.a4 Rf1 41.Bxd5 Rg1 42.Ke2 Rfg7 0-1

[Event "OPEN A"]
[Site "Condom"]
[Date "2009.07.15"]
[Round "6.42"]
[White "Dupouy, François"]
[Black "Vandervorst, Jean-Marc"]
[Result "0-1"]
[WhiteElo "1759"]
[BlackElo "2035"]
[PlyCount "88"]

1.e4 d6 2.d4 c6 3.Nc3 Nd7 4.f4 Qc7 5.Nf3 e5 6.Bc4 b5 7.Bb3 exd4 8.Nxd4 Nc5
9.Be3 Nf6 10.Qf3 b4 11.Nce2 Ncxe4 12.O-O-O Bd7 13.f5 Be7 14.g4 Nc5 15.Nb5 
Nxb3+ 16.axb3 Qb8 17.Nbd4 c5 18.g5 Ng8 19.f6 gxf6 20.gxf6 cxd4 21.fxe7 
dxe3 22.Rhf1 Be6 23.Rxd6 Qxd6 24.Qxa8+ Kxe7 25.Qxa7+ Kf8 26.Qa8+ Ke7 27.
Qb7+ Bd7 28.Qe4+ Kf8 29.Qxe3 Qh6 30.Qxh6+ Nxh6 31.Rf4 Rg8 32.Rxb4 Rg2 33.
Nd4 Rxh2 34.c4 Nf5 35.c5 Nxd4 36.Rxd4 Ke7 37.b4 Bb5 38.Rd6 Rh4 39.Kc2 Rxb4
40.Rb6 Ba4+ 41.Kc3 Rxb6 42.cxb6 Bc6 43.Kb4 h5 44.Ka5 Bb7 0-1

[Event "Open B - Condom 2009"]
[Site "Condom"]
[Date "2009.07.16"]
[Round "7.16"]
[White "Labat, Axel"]
[Black "Perez, Eric"]
[Result "0-1"]
[WhiteElo "1530"]
[BlackElo "1440"]
[EventDate "2009.??.??"]
[PlyCount "68"]

1.d4 Nf6 2.c4 c5 3.e3 b5 4.Nc3 d6 5.Nxb5 cxd4 6.exd4 g6 7.Qa4 Bd7 8.Bd2 
Nc6 9.Nf3 a6 10.Nc3 Nxd4 11.Qd1 Nxf3+ 12.Qxf3 Qb8 13.b3 Bg7 14.Rc1 O-O 15.
Nd5 Rc8 16.Be3 Bc6 17.Rd1 Kh8 18.Qe2 Nxd5 19.cxd5 Bb5 20.Qf3 Bxf1 21.Kxf1 
Rc2 22.Rd2 Qc7 23.Qe2 Rc8 24.g3 Qc3 25.Rxc2 Qxc2 26.Qxa6 Qd1+ 27.Kg2 Qxd5+
28.Kg1 Ra8 29.Qb6 Bf6 30.Bh6 Bd4 31.Qb4 Bxf2+ 32.Kxf2 Qxh1 33.Qd4+ f6 34.
Qe3 Rxa2+ 0-1

[Event "Open B - Condom 2009"]
[Site "Condom"]
[Date "2009.07.16"]
[Round "7.11"]
[White "Dargagnon, Sylvain"]
[Black "Harmel, Olivier"]
[Result "0-1"]
[WhiteElo "1470"]
[BlackElo "1550"]
[EventDate "2009.??.??"]
[PlyCount "74"]

1.d4 Nf6 2.c4 e6 3.Nc3 Bb4 4.Qc2 d5 5.Bg5 h6 6.Bd2 O-O 7.Nf3 b6 8.cxd5 
Nxd5 9.e4 Nxc3 10.bxc3 Be7 11.e5 Bb7 12.Be2 Nd7 13.O-O c5 14.Qd3 Rc8 15.
Bd1 cxd4 16.Bc2 f5 17.cxd4 Be4 18.Qb3 Rxc2 19.Qxe6+ Kh7 20.Bf4 Bxf3 21.
gxf3 g5 22.Qb3 Rc8 23.Be3 f4 24.Qd3+ Kg7 25.Bd2 Nc5 26.Qc4 Ne4 27.Qd3 Nxd2
28.Qxd2 Qd5 29.Kg2 Rc4 30.Rfd1 Rd8 31.Qb2 Rxd4 32.Rxd4 Qxd4 33.Qxd4 Rxd4 
34.Re1 Kf7 35.Re2 Ke6 36.Rc2 Bc5 37.Re2 Rd5 0-1

[Event "Open B - Condom 2009"]
[Site "Condom"]
[Date "2009.07.16"]
[Round "7.8"]
[White "Strub, Bruno"]
[Black "Boutillon, Nathanael"]
[Result "0-1"]
[WhiteElo "1625"]
[BlackElo "1620"]
[EventDate "2009.??.??"]
[PlyCount "56"]

1.e4 e5 2.d4 exd4 3.Nf3 Bc5 4.Nxd4 Nf6 5.Nc3 d6 6.Be2 Be6 7.Nxe6 fxe6 8.
Bh5+ Kd7 9.Bg5 h6 10.Bh4 g5 11.Bg3 e5 12.Bxe5 Nc6 13.Bg4+ Ke8 14.Bg3 h5 
15.Qf3 Nxg4 16.h3 Nge5 17.Bxe5 Nxe5 18.Qf5 c6 19.f3 Qe7 20.h4 g4 21.Qf4 
gxf3 22.gxf3 Rf8 23.Qh6 Nxf3+ 24.Kd1 Qe5 25.Qg6+ Kd8 26.Qh6 Re8 27.Rh3 
Qd4+ 28.Ke2 Qf2+ 0-1

[Event "Open B - Condom 2009"]
[Site "Condom"]
[Date "2009.07.16"]
[Round "7.3"]
[White "Moulie, Patrick"]
[Black "Albareil, Raymond"]
[Result "1-0"]
[WhiteElo "1649"]
[BlackElo "1555"]
[EventDate "2009.??.??"]
[PlyCount "101"]

1.e4 c5 2.Nc3 Nc6 3.f4 g6 4.Nf3 Bg7 5.Bc4 e6 6.O-O Nge7 7.a3 d5 8.Bb5 d4 
9.Bxc6+ Nxc6 10.Ne2 O-O 11.d3 b6 12.Bd2 f5 13.e5 h6 14.h4 h5 15.Ng5 Bh6 
16.Nf3 Bb7 17.Qe1 Ne7 18.Qg3 Bxf3 19.Rxf3 Kh7 20.Kh1 Nd5 21.c4 dxc3 22.
bxc3 Qe7 23.d4 c4 24.Ng1 b5 25.Nh3 Rg8 26.Qe1 Rg7 27.g3 Rag8 28.a4 Rb8 29.
axb5 Rxb5 30.Qc1 Qb7 31.Kh2 Rb2 32.Rf2 Qb3 33.Rf3 Rb7 34.Qe1 Nxc3 35.Nf2 
Rb1 36.Rxb1 Qxb1 37.Bxc3 Qxe1 38.Bxe1 Rb3 39.Rxb3 cxb3 40.Bc3 Bf8 41.Nd3 
Ba3 42.Bb2 Bxb2 43.Nxb2 Kg7 44.Kg2 Kf7 45.Kf3 Ke7 46.Ke3 Kd7 47.Kd3 Kc6 
48.Kc4 a5 49.Kxb3 Kd5 50.Kc3 Ke4 51.Kc4 1-0

[Event "OPEN A"]
[Site "Condom"]
[Date "2009.07.16"]
[Round "7"]
[White "Jouanneau, Armand"]
[Black "Moreau, Emilien"]
[Result "1-0"]
[WhiteElo "1620"]
[BlackElo "1883"]
[PlyCount "61"]
[SourceDate "2009.07.16"]

1.e4 g6 2.d4 Bg7 3.Nc3 d6 4.f4 e6 5.Nf3 Ne7 6.Bd3 a6 7.Be3 Nd7 8.Qd2 b5 9.
O-O Bb7 10.f5 exf5 11.exf5 Nf6 12.Nh4 Qd7 13.Bg5 Rf8 14.Rae1 O-O-O 15.Nb1 
d5 16.b3 h6 17.Bxh6 Bxh6 18.Qxh6 Ne4 19.fxg6 Rh8 20.Qf4 fxg6 21.Bxe4 dxe4 
22.c3 g5 23.Qxg5 Rdg8 24.Qf4 Rg4 25.Qf8+ Rxf8 26.Rxf8+ Qd8 27.Rxd8+ Kxd8 
28.g3 Kd7 29.Nd2 Ke6 30.Kf2 a5 31.h3 1-0

[Event "Régionale 1"]
[Site "Castelsarrasin"]
[Date "2009.11.22"]
[Round "3"]
[White "Tillol, Jean-Claude"]
[Black "Grimmer, Jonathan"]
[Result "1-0"]
[WhiteElo "1720"]
[BlackElo "1884"]

1.Nf3 e6 2.e4 d5 3.exd5 exd5 4.d4 Nf6 5.Bg5 Be7 6.Bd3 O-O 7.O-O Bg4 8.Nbd2
Nc6 9.c3 Ne4 10.Bxe7 Qxe7 11.Qc2 f5 12.h3 Bh5 13.Rfe1 Qf6 14.Qb3 Rfd8 15.
Bxe4 fxe4 16.Nxe4 Qf4 17.Ned2 Na5 18.Qb5 b6 19.Qd3 Rd6 20.Re5 Bxf3 21.Nxf3
Nc4 22.Re2 Rg6 23.Ne5 Nxe5 24.Rxe5 Rf8 25.Qe3 Qh4 26.Rxd5 Rgf6 27.Rf1 h6 
28.Rd7 g5 29.Qe7 R8f7 30.Qd8+ Rf8 31.Qxc7 Qe4 32.Re7 Qc2 33.Qc4+ Kh8 34.
Re2 Qg6 35.d5 h5 36.Qd4 Kg8 37.Re7 g4 38.hxg4 hxg4 39.Qe4 Qh5 40.Re5 Qh4 
41.Qe3 Rg6 42.g3 Qf6 43.Re6 Qf5 44.Rxg6+ Qxg6 45.Re1 Qc2 46.Qe6+ Kh8 47.
Qh6+ Kg8 48.Qg5+ Kh8 49.Qh4+ Kg8 50.Qxg4+ Kh8 51.Qe2 Qg6 52.Qe5+ Kh7 53.
Qe4 Rf5 54.Qh4+ Rh5 1-0

[Event "Régionale 1"]
[Site "Castelsarrasin"]
[Date "2009.11.22"]
[Round "3"]
[White "Boudou, Jean-Paul"]
[Black "Copin, Jean-Christophe"]
[Result "1-0"]
[WhiteElo "1430"]
[BlackElo "1250"]

1.d4 d5 2.Nf3 Nc6 3.Nc3 Nf6 4.e3 e6 5.Bd3 Be7 6.e4 dxe4 7.Nxe4 Nxd4 8.Nxd4
Qxd4 9.Bb5+ Bd7 10.Qxd4 Bxb5 11.Bg5 O-O 12.Nxf6+ Bxf6 13.Bxf6 Rad8 14.Bxd8
c6 15.Rd1 h6 16.b3 b6 17.Qe4 c5 18.c4 Ba6 19.Be7 1-0

[Event "Régionale 1"]
[Site "Castelsarrasin"]
[Date "2009.11.22"]
[Round "3"]
[White "Duhon, Jean-Noel"]
[Black "Pezou, Jean-Claude"]
[Result "0-1"]
[WhiteElo "1500"]
[BlackElo "1630"]

1.d4 Nf6 2.d5 c6 3.Nc3 cxd5 4.Nxd5 Qa5+ 5.Nc3 d5 6.Bd2 e5 7.e3 Bd7 8.a3 
Qb6 9.b4 a6 10.Qf3 Be6 11.e4 d4 12.Nd5 Bxd5 13.exd5 e4 14.Qf5 Nbd7 15.Bc4 
Be7 16.Ne2 O-O 17.O-O Rac8 18.Bb3 Bd8 19.Rab1 Re8 20.Bf4 Bc7 21.Bg5 Re5 
22.Qf4 Rxd5 23.Qh4 Rf5 24.Rbd1 e3 25.Nxd4 exf2+ 26.Kh1 Re5 27.Nf3 Re2 28.
Qc4 Re7 29.Qh4 h6 30.Bxh6 Re4 31.Bxf7+ Kf8 32.Bxg7+ Kxg7 33.Qxf2 Qxf2 34.
Rxf2 Bb6 35.Rfd2 Re7 36.Rxd7 Rxd7 37.Rxd7 Nxd7 38.Be6 Rxc2 39.g3 Rc3 40.
Nh4 Ne5 41.Bd5 Rc7 42.h3 Kf6 43.Kg2 Rd7 44.Be4 Bd4 45.g4 Bc3 46.Nf5 b6 47.
Ne3 Bd4 48.Nd5+ Kg7 49.g5 Nc4 50.Nf4 Re7 51.Bd3 Nxa3 52.Bxa6 Re5 53.h4 Bc3
54.Bc8 Bxb4 55.Bg4 Bc3 56.h5 Nc4 57.h6+ Kh7 0-1

[Event "Régionale 1"]
[Site "Castelsarrasin"]
[Date "2009.11.22"]
[Round "3"]
[White "L'huillier, Jean-François"]
[Black "Cebollero, Daniel"]
[Result "1-0"]
[WhiteElo "1700"]
[BlackElo "1530"]

1.e4 c6 2.d4 d5 3.e5 Bf5 4.Bd3 Bxd3 5.Qxd3 e6 6.Nf3 h6 7.O-O Ne7 8.b3 Nf5 
9.Nbd2 Be7 10.c4 O-O 11.c5 Nd7 12.b4 f6 13.g4 fxe5 14.gxf5 e4 15.Nxe4 dxe4
16.Qxe4 exf5 17.Qe6+ Kh8 18.Bxh6 Rf6 19.Bxg7+ Kxg7 20.Qe3 Rg6+ 21.Kh1 Nf6 
22.Qe5 Qd7 23.Rg1 Rh8 24.Rxg6+ Kxg6 25.Qg3+ Kh7 26.Rg1 Ng4 27.h3 Rg8 28.
hxg4 Rxg4 29.Qh2+ Kg8 30.Rxg4+ fxg4 31.Qh8+ Kf7 32.Ne5+ 1-0

[Event "Régionale 1"]
[Site "Castelsarrasin"]
[Date "2009.11.22"]
[Round "3"]
[White "Tesan, Mickael"]
[Black "Boufarachan, Farid"]
[Result "1-0"]
[WhiteElo "2092"]
[BlackElo "1730"]

1.d4 Nf6 2.Nf3 d5 3.c4 e6 4.g3 c6 5.Qc2 Be7 6.Bg2 O-O 7.O-O Nbd7 8.b3 Re8 
9.Nc3 Nf8 10.Re1 Bd7 11.Ne5 Rc8 12.e4 h6 13.Bb2 Qc7 14.Qe2 Bd6 15.Nxd7 
N6xd7 16.Rac1 Qd8 17.Rc2 Qc7 18.Rec1 Qd8 19.Rd2 Nb8 20.Qd1 Bb4 21.a3 Bxc3 
22.Rxc3 Ng6 23.exd5 exd5 24.cxd5 cxd5 25.Rxc8 Qxc8 26.Bxd5 Qd7 27.Qf3 b6 
28.Rd1 Rd8 29.Bc4 b5 30.Bf1 a6 31.Re1 Ne7 32.Bg2 Nf5 33.Qf4 Nxd4 34.Bxd4 
1-0

[Event "Régionale 1"]
[Site "Castelsarrasin"]
[Date "2009.11.22"]
[Round "3"]
[White "Dirat, Sylvain"]
[Black "Brethes, François"]
[Result "0-1"]
[WhiteElo "1690"]
[BlackElo "2265"]

1.d4 d5 2.Bg5 Nf6 3.Nf3 Ne4 4.e3 Nxg5 5.Nxg5 e5 6.Nf3 e4 7.Ne5 Bd6 8.Nxf7 
Kxf7 9.Qh5+ Kf8 10.Nc3 c6 11.f3 exf3 12.Qxf3+ Qf6 13.Qxf6+ gxf6 14.O-O-O 
Bg4 15.Be2 Bxe2 16.Nxe2 Nd7 17.Rdf1 Kg7 18.b3 Rae8 19.Kd2 Re4 20.c4 Rhe8 
21.Rf3 dxc4 22.bxc4 c5 23.Nc3 Rg4 0-1

[Event "Régionale 1"]
[Site "Castelsarrasin"]
[Date "2009.11.22"]
[Round "3"]
[White "De Barrale, Michel"]
[Black "Assemat, Angélique"]
[Result "1-0"]
[WhiteElo "1565"]
[BlackElo "1410"]

1.d4 d5 2.c4 dxc4 3.a4 Nf6 4.e3 e6 5.Bxc4 Bb4+ 6.Bd2 a5 7.Nf3 b6 8.O-O O-O
9.Nc3 Bb7 10.Rc1 Nbd7 11.Be2 Ne4 12.Nxe4 Bxe4 13.Bxb4 axb4 14.Nd2 Nf6 15.
Nxe4 Nxe4 16.Bf3 Qd5 17.Qd3 f5 18.Rxc7 Rxa4 19.Bd1 Ra1 20.Bf3 Rfa8 21.Rcc1
R1a2 22.Bxe4 fxe4 23.Qc2 b3 24.Qc3 h6 25.Rb1 b5 26.Rfc1 R8a4 27.Qc5 Rc4 
28.Rxc4 bxc4 29.Qxd5 exd5 30.Kf1 c3 31.bxc3 b2 32.Ke2 Kf7 33.Kd2 Ke6 34.
Kc2 Kd6 35.Rxb2 Ra1 36.Rb1 Ra2+ 37.Rb2 Ra4 38.Kb1 Kc6 39.Rb8 Rc4 40.Kb2 
Kd6 41.Rg8 Rc7 42.Rd8+ Ke6 43.Rb8 Rf7 44.Rb6+ Kf5 45.f3 exf3 46.gxf3 Re7 
47.Rb5 Rd7 48.c4 Ke6 49.c5 h5 50.Kc3 g5 51.Kd2 g4 52.fxg4 hxg4 53.Kd3 Rh7 
54.Rb2 Kd7 55.Rg2 Rh4 56.Ke2 Ke6 57.Kf2 Kf5 58.Kg3 Ke4 59.Kxh4 1-0

[Event "Régionale 1"]
[Site "Castelsarrasin"]
[Date "2009.11.22"]
[Round "3"]
[White "Grezels, Michel"]
[Black "Aurejac, Pierre"]
[Result "0-1"]
[WhiteElo "1620"]
[BlackElo "1490"]

1.d4 Nf6 2.c4 e5 3.e3 exd4 4.exd4 d5 5.b3 Bb4+ 6.Bd2 Qe7+ 7.Be2 Nc6 8.Bxb4
Qxb4+ 9.Kf1 O-O 10.a3 Qe7 11.Bf3 Be6 12.Nc3 Rad8 13.c5 Ne4 14.Nxe4 dxe4 
15.Bxe4 Rxd4 16.Qc2 Bc4+ 17.bxc4 Qxe4 18.Qxe4 Rxe4 19.Rc1 Na5 20.f3 Rxc4 
21.Rxc4 Nxc4 22.a4 Rd8 23.g4 c6 24.Kf2 b5 25.axb5 cxb5 26.Ne2 a5 27.Rb1 b4
28.Rc1 Nb2 29.Rc2 Nd3+ 30.Ke3 Ne5 31.Nd4 a4 32.Ke4 f6 33.g5 b3 34.Rb2 Nc4 
35.Rg2 b2 36.gxf6 b1=Q+ 37.Nc2 Qb7+ 38.Kf4 Qc7+ 39.Kg4 Qxc5 40.h4 Rd2 0-1

[Event "Régionale 1"]
[Site "Castelsarrasin"]
[Date "2009.11.22"]
[Round "3"]
[White "Fabre, Philippe"]
[Black "Haddab, Roland"]
[Result "0-1"]
[WhiteElo "1812"]
[BlackElo "1740"]

1.e4 e5 2.Nf3 Nc6 3.d4 exd4 4.Nxd4 Nf6 5.Nxc6 bxc6 6.e5 Nd5 7.c4 Bb4+ 8.
Bd2 Bxd2+ 9.Qxd2 Ne7 10.Nc3 O-O 11.O-O-O a5 12.Bd3 d5 13.exd6 cxd6 14.Be4 
d5 15.cxd5 cxd5 16.Nxd5 Nxd5 17.Bxd5 Qc7+ 18.Kb1 Bf5+ 19.Ka1 Rab8 20.f3 
Rfd8 21.Qg5 Bg6 22.Be4 Bxe4 23.fxe4 h6 24.Qc1 Rxd1 25.Qxd1 Qb7 26.Qe2 a4 
27.Rc1 Qb6 28.a3 Qd4 29.Qc4 0-1

[Event "Régionale 1"]
[Site "Castelsarrasin"]
[Date "2009.11.22"]
[Round "3"]
[White "Vainguer, Guillaume"]
[Black "Van Nuvel, Jean-Michel"]
[Result "1/2-1/2"]
[WhiteElo "1777"]
[BlackElo "1826"]

1.e4 e6 2.d4 d5 3.exd5 exd5 4.Nc3 c6 5.Nf3 Bd6 6.Be3 Nf6 7.Bd3 Bg4 8.h3 
Bh5 9.g4 Bg6 10.Bxg6 hxg6 11.Bg5 Nbd7 12.Qe2+ Qe7 13.Qxe7+ Bxe7 14.O-O-O 
O-O-O 15.a3 Bd6 16.Rhe1 Rde8 17.Rxe8+ Rxe8 18.Re1 Rxe1+ 19.Nxe1 Ne4 20.
Nxe4 dxe4 21.f3 exf3 22.Nxf3 f6 23.Be3 Nb6 24.Bf2 Nd5 25.Kd2 b5 26.Nh4 Ne7
27.Ke3 f5 28.gxf5 gxf5 29.Kd3 a6 30.Be1 g5 31.Nf3 g4 32.hxg4 fxg4 33.Ne5 
Bxe5 34.dxe5 Kd7 35.Ke4 Ke6 36.b3 Nd5 37.Bf2 Ne7 38.Bg1 Ng6 39.Bh2 Ne7 40.
Kf4 Ng6+ 41.Kxg4 Nxe5+ 42.Kf4 Kd5 43.Bg1 Nd7 44.Ke3 Ne5 45.Ke2 Ke4 46.Bb6 
Nd7 47.Bc7 Nf6 48.Kd2 Nd5 49.Bd6 Kd4 50.Bf8 Nc7 51.Bg7+ Ke4 52.c4 Ne6 53.
cxb5 cxb5 54.Bh8 Kd5 55.Kc3 Kc6 56.Be5 Nc5 57.Bh2 a5 1/2-1/2

[Event "Régionale 1"]
[Site "Castelsarrasin"]
[Date "2009.11.22"]
[Round "3"]
[White "Schegerin, André"]
[Black "Sangoï, Jean-Jacques"]
[Result "1/2-1/2"]
[WhiteElo "1774"]
[BlackElo "1749"]

1.e4 e6 2.d4 f5 3.exf5 exf5 4.Nf3 Nf6 5.Be2 d5 6.O-O Be7 7.Bf4 O-O 8.Nbd2 
Nbd7 9.c4 c6 10.Ne5 Nxe5 11.Bxe5 Be6 12.Rc1 Bd6 13.Re1 Bc8 14.a3 Ne4 15.
Nf3 Bxe5 16.dxe5 Qb6 17.Nd4 Re8 18.Rf1 Bd7 19.Nf3 Be6 20.b4 Red8 21.c5 Qc7
22.Qd4 a6 23.a4 Re8 24.Rc2 Bd7 25.Rb1 g5 26.b5 axb5 27.axb5 g4 28.Ne1 Qxe5
29.Qxe5 Rxe5 30.f3 Nc3 31.Rbb2 Nxb5 32.Bxb5 Rxe1+ 33.Kf2 Rae8 34.Be2 Ra1 
35.Rxb7 gxf3 36.gxf3 Re7 37.Bd3 Kf7 38.Kg3 Kf6 39.Kf4 Ra4+ 40.Kg3 f4+ 41.
Kf2 h6 42.Rc7 Ra5 43.Rb7 Ra3 44.Rd2 Rc3 45.Rb4 Kg5 46.h4+ Kxh4 47.Rxf4+ 
Kg5 48.Rf8 Be6 49.f4+ Kh4 1/2-1/2

[Event "?"]
[Site "Castelsarrasin"]
[Date "2009.11.22"]
[Round "3"]
[White "Lecoultre, Patrick"]
[Black "Lopez, Gerard"]
[Result "0-1"]
[WhiteElo "1788"]
[BlackElo "1930"]

1.d4 d5 2.c4 dxc4 3.Nf3 c6 4.a4 Nf6 5.e3 Be6 6.Nc3 Bd5 7.Ne5 Nbd7 8.Nxc4 
Bxc4 9.Bxc4 e6 10.O-O Bb4 11.Bd2 Qa5 12.Qc2 O-O 13.Bd3 Qh5 14.Be2 Qh4 15.
Be1 Bd6 16.f4 Qh6 17.Rf3 g6 18.Rh3 Qg7 19.Bh4 h6 20.Rf1 c5 21.Nb5 Be7 22.
e4 a6 23.e5 axb5 24.Bxf6 Nxf6 25.exf6 Qxf6 26.Rxh6 Qxd4+ 27.Kh1 bxa4 28.
Rf3 Kg7 29.Rhh3 Bf6 0-1

[Event "Régionale 1"]
[Site "Castelsarrasin"]
[Date "2010.01.24"]
[Round "5"]
[White "ASPINALL John"]
[Black "DUHON Jean-Noel"]
[Result "1-0"]
[WhiteElo "1750"]
[BlackElo "1500"]
[EventDate "2010.01.24"]

1.b4 d5 2.Bb2 b6 3.e3 Bb7 4.Nf3 Nd7 5.c4 Ngf6 6.a3 e6 7.d4 Ne4 8.Nbd2 c5 
9.dxc5 dxc4 10.Nxe4 Bxe4 11.Nd2 Bd3 12.Bxd3 cxd3 13.c6 Nf6 14.b5 Be7 15.
Nc4 Qd5 16.Rc1 O-O 17.O-O Qxb5 18.Qxd3 Qxc6 19.Qe2 Qe4 20.Nd2 Qg4 21.Qxg4 
Nxg4 22.Rc4 f5 23.Rfc1 Bf6 24.Bxf6 Nxf6 25.f3 Rad8 26.R1c2 Rd3 27.R4c3 
Rxc3 28.Rxc3 Nd5 29.Rd3 f4 30.e4 Ne3 31.Rd7 Rc8 32.Rxa7 Rc2 33.Rd7 Ra2 34.
Rd6 b5 35.Rd3 Ra1+ 36.Kf2 Nd1+ 37.Ke2 e5 38.Nb3 Ra2+ 39.Kxd1 Rxg2 40.Rd2 
Rg1+ 41.Kc2 h6 42.Rf2 Rg6 43.Kc3 h5 44.Kb4 Ra6 45.Nc5 Ra7 46.Rd2 g5 47.
Rd8+ Kf7 48.Rd7+ Rxd7 49.Nxd7 Ke6 50.Nc5+ Kd6 51.Kxb5 g4 52.fxg4 hxg4 53.
Nd3 g3 54.hxg3 fxg3 55.Ne1 Ke6 56.a4 Kf6 57.a5 Kg5 58.a6 Kf4 59.a7 Ke3 60.
a8=Q Ke2 61.Qa1 Ke3 62.Qxe5 Kf2 63.Qa1 g2 64.Nxg2 Kxg2 1-0

[Event "Régionale 1"]
[Site "Castelsarrasin"]
[Date "2010.01.24"]
[Round "5"]
[White "ALEGRET Jean-Pierre"]
[Black "RIGAL Jean-Pierre"]
[Result "1-0"]
[WhiteElo "1650"]
[BlackElo "1499"]
[EventDate "2010.01.24"]

1.e4 c5 2.c3 d6 3.d4 e6 4.dxc5 Nc6 5.Bb5 a6 6.Ba4 Nf6 7.Bg5 d5 8.exd5 exd5
9.Qe2+ Be6 10.b4 Be7 11.Nf3 O-O 12.O-O Qc7 13.Nbd2 Rad8 14.Bxc6 bxc6 15.
Bxf6 Bxf6 16.Nd4 Rfe8 17.Rfe1 Bd7 18.Qxa6 Qf4 19.Qd3 Be5 20.N2f3 Bc7 21.a4
Re4 22.Ne2 Qh6 23.Ng3 Bg4 24.Rxe4 dxe4 25.Qxe4 Bxf3 26.Qxf3 Qd2 27.Qe3 
Bxg3 28.hxg3 Qxe3 29.fxe3 Kf8 30.Kf2 Ke7 31.Ke2 Rd5 32.a5 Rd7 33.Rd1 Ra7 
34.Rd6 Ra6 35.Kd3 f6 36.c4 g5 37.g4 f5 38.gxf5 h5 39.Rh6 h4 40.Rg6 Kf7 41.
e4 Ra8 42.e5 Rb8 43.Kc3 Rg8 44.Rxg8 Kxg8 45.a6 Kg7 46.a7 Kh6 47.a8=Q Kh5 
48.Qxc6 Kg4 49.Qf3# 1-0

[Event "Régionale 1"]
[Site "Castelsarrasin"]
[Date "2010.01.24"]
[Round "5"]
[White "TABONE Yves"]
[Black "CALATRAVA Julian"]
[Result "1-0"]
[WhiteElo "1660"]
[BlackElo "1940"]
[EventDate "2010.01.24"]

1.e4 e5 2.Nf3 Nc6 3.Bc4 Nf6 4.Nc3 Nxe4 5.Bxf7+ Kxf7 6.Nxe4 h6 7.h3 d5 8.
Ng3 Bc5 9.d3 Rf8 10.O-O Kg8 11.Qe2 Qd6 12.Bd2 e4 13.Nxe4 dxe4 14.dxe4 Kh8 
15.Bc3 Qg3 16.Ne1 Bxh3 17.Kh1 Bxg2+ 18.Nxg2 Rxf2 19.Rxf2 Bxf2 20.Qh5 Rf8 
21.Qxh6+ Kg8 22.Qe6+ Kh7 
    ( {[Rybka 2.2n2 mp 32-bit ] 14:-9.01} 22...Kh7 23.Rf1 Qf3 24.Rxf2 Qxf2
    25.Qh3+ )
23.Rd1 
    ( {[Rybka 2.2n2 mp 32-bit ] 16:-327.00} 23.Rd1 Bd4 24.Bd2 Be5 25.Bf4 
    Bxf4 26.Qg8+ Kxg8 27.Nxf4 Rxf4 28.Rd3 Qe1+ )
23...Qg5 
    ( {[Rybka 2.2n2 mp 32-bit ] 17:+0.00} 23...Qg5 24.Qh3+ Kg8 25.Qe6+ )
24.Rd3 Qc1+ 25.Kh2 
    ( {[Rybka 2.2n2 mp 32-bit ] 16:-0.12} 25.Be1 Bxe1 26.Rh3+ Bh4+ 27.Kh2 
    g5 28.Rd3 g4 29.Qxg4 Bg5 30.Rd1 Qxb2 31.Qxg5 Qe5+ )
    ( {[Rybka 2.2n2 mp 32-bit ] 1:-327.00} 25.Kh2 Qg1+ )
25...Qg1+ 26.Kh3 Qh1+ 27.Kg4 Qxg2+ 28.Kh5 1-0

[Event "Régionale 1"]
[Site "Castelsarrasin"]
[Date "2010.01.24"]
[Round "5"]
[White "CARTERON Olivier"]
[Black "SEGUELONG Patrick"]
[Result "0-1"]
[WhiteElo "1420"]
[BlackElo "1660"]
[EventDate "2010.01.24"]

1.e4 e6 2.Nf3 d5 3.e5 c5 4.c3 Nc6 5.Bb5 Bd7 6.d4 Nxe5 7.Bxd7+ Nxd7 8.Qa4 
Bd6 9.dxc5 Bxc5 10.Ne5 Nf6 11.Bg5 Be7 12.Nxd7 Qxd7 13.Qxd7+ Nxd7 14.Bxe7 
Kxe7 15.Nd2 Ne5 16.Ke2 Rac8 17.Rac1 Rc7 18.Rc2 Rhc8 19.Rhc1 Nc6 20.b3 Nd4+
21.Kd3 Nxc2 22.Rxc2 b5 23.Nf3 f6 24.Nd4 a6 25.f4 g6 26.g4 Kd6 27.h4 e5 28.
fxe5+ fxe5 29.Ne2 Rf8 30.Kd2 Rf3 31.Rc1 Rcf7 32.Rb1 Rh3 33.h5 gxh5 34.gxh5
Rxh5 35.Rg1 Rh3 36.Kc2 Rhf3 37.Kd2 h5 38.Rg6+ R7f6 39.Rg8 Ke7 40.Rh8 Rh3 
41.Rb8 h4 42.Rb7+ Kf8 43.Rb8+ Kg7 44.Rd8 e4 45.Rxd5 Rd3+ 46.Rxd3 exd3 47.
Kxd3 0-1

[Event "Régionale 1"]
[Site "Castelsarrasin"]
[Date "2010.01.24"]
[Round "5"]
[White "HEINSIUS Ernest"]
[Black "ROQUES Loïc"]
[Result "1-0"]
[WhiteElo "1699"]
[BlackElo "1080"]
[EventDate "2010.01.24"]

1.d4 d5 2.c4 e6 3.e3 c6 4.Bd2 Nf6 5.Nf3 Nbd7 6.Nc3 Be7 7.Bd3 h6 8.O-O O-O 
9.Rb1 Nb6 10.c5 Nc4 11.Bc1 b6 12.b3 Na5 13.b4 Nc4 14.Bxc4 dxc4 15.Ne5 Bb7 
16.Nxc4 b5 17.Ne5 a5 18.bxa5 Qxa5 19.Qb3 b4 20.Qxb4 Qxb4 21.Rxb4 Ba6 22.
Re1 Rac8 23.Rb6 Bd8 24.Rxa6 Bc7 25.Nxc6 Ng4 26.h3 Bh2+ 27.Kf1 Bb8 28.Ne7+ 
Kh8 29.Nxc8 Rxc8 30.hxg4 g6 31.a4 Bc7 32.Nb5 Bd8 33.Ra7 Rb8 34.Nd6 f5 35.
Nf7+ Kg8 36.Nxd8 Rxd8 37.gxf5 exf5 38.Ra6 Kg7 39.a5 h5 40.Rb6 Rd7 41.a6 g5
42.Rb7 Rxb7 43.axb7 g4 44.b8=Q 1-0

[Event "?"]
[Site "Castelsarrasin"]
[Date "2010.01.24"]
[Round "5"]
[White "DUHON Marie-Pierre"]
[Black "TAUZIEDE Jean-Pierre"]
[Result "0-1"]
[WhiteElo "1200"]
[BlackElo "1660"]

1.e4 e6 2.Nf3 d5 3.Nc3 d4 4.Nb5 c5 5.Bc4 b6 6.Na3 Nc6 7.d3 Bd7 8.Ng5 Be7 
9.Nxf7 Kxf7 10.Qh5+ Kf8 11.Bf4 Nf6 12.Qh3 e5 13.Qg3 exf4 14.Qxf4 Ke8 15.e5
Rf8 16.e6 Bc8 17.Qg5 Qd6 18.Qxg7 Bxe6 19.O-O-O Bxc4 20.Nxc4 Qc7 21.Rde1 b5
22.Nd2 Kd7 23.Nb3 Qd6 24.a3 Rae8 25.Re2 Rg8 26.Qh6 Bf8 27.Qh3+ Kd8 28.Rhe1
Rxe2 29.Rxe2 Qf4+ 30.Nd2 Qg4 31.f3 Qxh3 32.gxh3 Rg1+ 33.Nf1 Rxf1+ 34.Re1 
Rxe1+ 35.Kd2 Rh1 36.c4 Rxh2+ 37.Kc1 Bh6+ 38.Kb1 Rxh3 39.b4 cxb4 40.cxb5 
0-1

[Event "R1-Auch 2 vs Condom 3"]
[Site "?"]
[Date "2010.10.17"]
[Round "1"]
[White "Solirene, Samantha"]
[Black "Seney, Jean-Pierre"]
[Result "0-1"]
[WhiteElo "1099"]
[BlackElo "1370"]
[Annotator ""]
[Source ""]
[Remark ""]

1.e4 e5 2.Nf3 d6 3.Bb5+ c6 4.Bd3 Nf6 5.O-O Nbd7 6.Nc3 Nc5 7.Be2 Nfxe4 8.
Nxe4 Nxe4 9.d3 Nf6 10.b3 Be7 11.Bg5 O-O 12.d4 e4 13.Nd2 Bf5 14.Nb1 Nd5 15.
Bxe7 Qxe7 16.c4 Nb4 17.a3 Nd3 18.Bxd3 exd3 19.Re1 Qf6 20.Nc3 Qxd4 21.Rc1 
d2 22.Kf1 Rfe8 23.Ne2 Qb2 24.Rc2 Bxc2 25.Qxd2 Qxb3 26.Qb4 Qxb4 27.axb4 Bd3
28.c5 dxc5 29.bxc5 a5 30.f3 a4 31.Kf2 Bxe2 32.Rb1 Bb5 0-1

[Event "R1-Auch 2 vs Condom 3"]
[Site "?"]
[Date "2010.10.17"]
[Round "1"]
[White "Roche-Blanc, Irmann"]
[Black "Fouilloux, Jean-Paul"]
[Result "0-1"]
[WhiteElo "1380"]
[BlackElo "1380"]
[Annotator ""]
[Source ""]
[Remark ""]

1.e4 d5 2.exd5 Nf6 3.c4 e6 4.d4 exd5 5.Nc3 Bb4 6.Qa4+ Nc6 7.Bg5 O-O 8.Nf3 
Re8+ 9.Be2 Bxc3+ 10.bxc3 Qe7 11.Ne5 Nxe5 12.Bxf6 Nd3+ 13.Kf1 Qxe2+ 14.Kg1 
Qxf2# 0-1

[Event "R1-Auch 2 vs Condom 3"]
[Site "?"]
[Date "2010.10.17"]
[Round "1"]
[White "Veyssiere, Guy"]
[Black "Dargagnon, Sylvain"]
[Result "0-1"]
[WhiteElo "1320"]
[BlackElo "1524"]
[Annotator ""]
[Source ""]
[Remark ""]

1.d4 Nf6 2.c4 e6 3.Nf3 Bb4+ 4.Nc3 Nc6 5.e3 O-O 6.Be2 h6 7.O-O Re8 8.Qc2 d5
9.cxd5 exd5 10.Bd3 Bxc3 11.Qxc3 a6 12.Re1 Bg4 13.Be2 Ne4 14.Qc2 Qd7 15.h3 
Bf5 16.Bd3 Rac8 17.a3 Qd6 18.Nh4 Bd7 19.Nf3 Qf6 20.Re2 Bxh3 21.gxh3 Qxf3 
22.Bxe4 Rxe4 23.Kh2 Rh4 0-1